Les Meilleurs Films du Monde - Statistiques

Statistiques générales
  • Ce quiz a été pris 458 fois
  • Le résultat moyen est 3 sur 10
Statistiques - réponses
Classement Notes Séries % Correct
1 4,6/5 Forrest Gump
61%
5 4,5/5 Le Parrain
61%
3 4,6/5 La Ligne Verte
43%
6 4,5/5 Les Evadés
37%
10 4,5/5 Batman : The Dark Knight
32%
2 4,6/5 La Liste de Schindler
26%
4 4,6/5 12 Hommes en colère
20%
8 4,5/5 Le Roi Lion
16%
7 4,5/5 Le Seigneur des Anneaux : Le Retour du Roi
13%
9 4,5/5 Vol au-dessus d'un Nid de Coucou
8%
Aucun quiz correspondant
Distribution des résultats
% des personnes avec chaque résultat
Percentile par nombre de réponses
Votre historique - résultats
Vous n’avez pas pris ce quiz